Bioquímica ilustrada, Harper (Registro nro. 34803)

Detalles MARC
000 -CABECERA
Longitud fija campo de control 00915nam a2200253 a 4500
003 - IDENTIFICADOR DELl NÚMERO DE CONTROL
Identificador del número de control OSt
005 - FECHA Y HORA DE LA ÚLTIMA TRANSACCIÓN
Fecha y hora de la última transacción 20240322230954.0
008 - CÓDIGOS DE INFORMACIÓN DE LONGITUD FIJA
Códigos de información de longitud fija 030707c2024 mex spa
020 ## - NÚMERO INTERNACIONAL NORMALIZADO PARA LIBROS
Número Internacional Normalizado para Libros (ISBN) 978-607-15-2079-1
040 ## - FUENTE DE LA CATALOGACIÓN
Centro transcriptor BMC
082 ## - NÚMERO DE LA CLASIFICACIÓN DECIMAL DEWEY
Númeroo de clasificación 612.015
245 00 - MENCIÓN DE TÍTULO
Título Bioquímica ilustrada, Harper
Mención de responsabilidad, etc. Peter J. Kennelly, ... [et al.]; Harper ; [editores]; [traducción, M & N Medical Solutrad, S.A. de C.V.]
250 ## - MENCIÓN DE EDICIÓN
Mención de edición 32ª ed
260 ## - PUBLICACIÓN, DISTRIBUCIÓN, ETC. (PIE DE IMPRENTA)
Lugar de publicación, distribución, etc. México, D.F. [etc.]
Nombre del editor, distribuidor, etc. McGraw-Hill
Fecha de publicación, distribución, etc. cop. 2024
300 ## - DESCRIPCIÓN FÍSICA
Extensión X, 806 p.
Otras características físicas il. col.
Dimensiones 27 cm
500 ## - NOTA GENERAL
Nota general Índice p. 749-806
594 ## - NOTA AL TÍTULO Y MENCIÓN DE RESPONSABIBLIDAD
Nota Al Título Y Mención De Responsabilidad Traducción de: Harper's illustrated biochemistry
594 ## - NOTA AL TÍTULO Y MENCIÓN DE RESPONSABIBLIDAD
Nota Al Título Y Mención De Responsabilidad Precede al tít.: A Lange medical book
650 24 - PUNTO DE ACCESO ADICIONAL DE MATERIA - TÉRMINO DE MATERIA
Término de materia o nombre geográfico como elemento inicial Bioquímica
9 (RLIN) 8014
700 1# - PUNTO DE ACCESO ADICIONAL - NOMBRE DE PERSONA
9 (RLIN) 48294
Nombre de persona Kennelly, Peter J.‏
710 1# - PUNTO DE ACCESO ADICIONAL - NOMBRE DE ENTIDAD
9 (RLIN) 48293
Nombre de entidad o nombre de jurisdicción como elemento inicial M & N Medical Solutrad, S.A. de C.V.
730 0# - PUNTO DE ACCESO ADICIONAL - TÍTULO UNIFORME
9 (RLIN) 8270
Título uniforme Harper's illustrated biochemistry
Lengua de la obra Español
942 ## - ENTRADA DE ELEMENTOS AGREGADOS (KOHA)
Fuente de clasificaión o esquema Dewey Decimal Classification
Koha [por defecto] tipo de item 1- Monografias
Parte de clasificación prozim
Existencias
Suprimido Perdido Fuente de clasificación o esquema Estropeado Restricciones de uso No para préstamo Código de colección Localización permanente Localización actual Localización en estanter&íacute;as Fecha adquisición Fuente de adquisición Número de inventario Préstamos totales Renovaciones totales Signatura completa Código de barras Fecha última consulta Fecha último préstamo Coste, precio reemplazado Fecha del precio de reemplazo Tipo de item de Koha
NULL NULL Dewey Decimal Classification NULL Prestable NULL NULL Biblioteca Centro Regional de Ilobasco Biblioteca Centro Regional de Ilobasco Sala Principal 20/01/2025 Compra-Facultad Multidisciplinaria de Ilobasco LI006106 6 1 612.015 HAR bio 1052955 28/08/2025 28/08/2025 98.00 03/02/2025 1- Monografias
NULL NULL Dewey Decimal Classification NULL Prestable NULL NULL Biblioteca Centro Regional de Ilobasco Biblioteca Centro Regional de Ilobasco Sala Principal 20/01/2025 Compra-Facultad Multidisciplinaria de Ilobasco LI006107 2 1 612.015 HAR bio 1052956 16/05/2026 02/10/2025 98.00 03/02/2025 1- Monografias
NULL NULL Dewey Decimal Classification NULL Prestable NULL NULL Biblioteca Centro Regional de Ilobasco Biblioteca Centro Regional de Ilobasco Sala Principal 20/01/2025 Compra-Facultad Multidisciplinaria de Ilobasco LI006108 11 7 612.015 HAR bio 1052957 24/09/2025 11/09/2025 98.00 03/02/2025 1- Monografias
NULL NULL Dewey Decimal Classification NULL Prestable NULL NULL Biblioteca Miguel de Cervantes - UNICAES Biblioteca Miguel de Cervantes - UNICAES Sala Principal 21/02/2024 Compra-Facultad de Ciencias de la Salud 035694 4 1 612.015 HAR bio 1051537 05/05/2026 05/05/2026 90.00 02/04/2024 1- Monografias
NULL NULL Dewey Decimal Classification NULL Prestable NULL NULL Biblioteca Miguel de Cervantes - UNICAES Biblioteca Miguel de Cervantes - UNICAES Sala Principal 21/02/2024 Compra-Facultad de Ciencias de la Salud 035695     612.015 HAR bio 1051538 02/04/2024   90.00 02/04/2024 1- Monografias
NULL NULL Dewey Decimal Classification NULL Prestable NULL NULL Biblioteca Miguel de Cervantes - UNICAES Biblioteca Miguel de Cervantes - UNICAES Sala Principal 21/02/2024 Compra-Facultad de Ciencias de la Salud 035696 3   612.015 HAR bio 1051539 29/04/2026 29/04/2026 90.00 02/04/2024 1- Monografias